000 00476nam a22001817a 4500
999 _c525341
_d525341
003 NUST
005 20190701071635.0
038 _aFaiza
082 _a891.421
_bQAM
100 _aQamar, Shoukat Ali
_915996
245 _aSimdy Pani /
_cShoukat Ali Qamar
260 _aLahore;
_bAdarah Punjabi Likharian,
_c2014.
300 _a144p. ;
500 _aHard Cover
880 _6100-01\r
_aشوکت علی قمّر
880 _6245-02\r
_a /سِمدے پانی
942 _2ddc
_cBK